[Event "CAN-ch U14"]
[Site "Quebec"]
[Date "2018.07.04"]
[Round "5.36"]
[White "Chung, Leo"]
[Black "Arcand, Louis"]
[Result "1-0"]
[WhiteElo "1696"]
[BlackElo "1267"]
[PlyCount "93"]
[EventDate "2018.07.02"]
[EventType "swiss"]
[EventRounds "7"]
[EventCountry "CAN"]
[SourceTitle "EXT 2022"]
[Source "ChessBase"]
[SourceDate "2021.10.06"]
[SourceVersion "1"]
[SourceVersionDate "2021.10.06"]
[SourceQuality "1"]

1. Nf3 Nf6 2. g3 e6 3. Bg2 d5 4. d3 c5 5. 0-0 Nc6 6. Re1 Be7 7. Nbd2 0-0 8. e4 Qd7 9. c3 d4 10. e5 Ne8 11. c4 b6 12. Ne4 Bb7 13. Bf4 f5 14. exf6 Nxf6 15. Neg5 Nd8 16. Qe2 h6 17. Nxe6 Qxe6 18. Qxe6+ Nxe6 19. Rxe6 Rf7 20. Ne5 Bxg2 21. Kxg2 Nh5 22. Nxf7 Kxf7 23. Rae1 Nxf4+ 24. gxf4 Bf6 25. f5 Rb8 26. a4 Bg5 27. Rc6 Rb7 28. Kg3 h5 29. h3 Bf6 30. Ree6 Rd7 31. Kf4 Bh4 32. f3 Bf6 33. Ke4 Rb7 34. Rc8 Rd7 35. Ree8 Be7 36. Rh8 h4 37. Rc6 Bf6 38. Re6 Bg5 39. f4 Bh6 40. Ree8 Re7+ 41. Rxe7+ Kxe7 42. Ra8 Kf6 43. Rxa7 g5 44. fxg5+ Bxg5 45. Rb7 Bd2 46. Rxb6+ Kf7 47. f6 1-0